000 00293nam a22001337a 4500
008 180126b xxu||||| |||| 00| 0 eng d
020 _a9780070451131
041 _aeng
080 _a610
100 _a4
101 _aSHM
245 _aTransfussion Mecicine
_cMccullough, J
942 _2udc
_cBK
999 _c41034
_d41034